Observing children in their natural worlds (Record no. 12426)
[ view plain ]
| 000 -LEADER | |
|---|---|
| fixed length control field | 02022nam a2200349Ia 4500 |
| 001 - CONTROL NUMBER | |
| control field | 9780203101759 |
| 003 - CONTROL NUMBER IDENTIFIER | |
| control field | BD-DhSAU |
| 005 - DATE AND TIME OF LATEST TRANSACTION | |
| control field | 20151012151718.0 |
| 006 - FIXED-LENGTH DATA ELEMENTS--ADDITIONAL MATERIAL CHARACTERISTICS | |
| fixed length control field | a|||||s||||||||||| |
| 007 - PHYSICAL DESCRIPTION FIXED FIELD--GENERAL INFORMATION | |
| fixed length control field | cr|||| |
| 008 - FIXED-LENGTH DATA ELEMENTS--GENERAL INFORMATION | |
| fixed length control field | 121109s2013 nyuad sb 001 0 eng d |
| 020 ## - INTERNATIONAL STANDARD BOOK NUMBER | |
| International Standard Book Number | 9780203101759 (e-book : PDF) |
| 040 ## - CATALOGING SOURCE | |
| Original cataloging agency | BD-DhSAU |
| Transcribing agency | BD-DhSAU |
| 090 ## - LOCALLY ASSIGNED LC-TYPE CALL NUMBER (OCLC); LOCAL CALL NUMBER (OCLC) | |
| Classification number (OCLC) (R) ; Classification number, CALL (RLIN) (NR) | BF722 |
| Local cutter number (OCLC) ; Book number/undivided call number, CALL (RLIN) | .P45 2013 |
| 092 ## - LOCALLY ASSIGNED DEWEY CALL NUMBER (OCLC) | |
| Classification number | 155.40723 |
| Item number | P386 |
| 100 1# - MAIN ENTRY--PERSONAL NAME | |
| Personal name | Pellegrini, Anthony D. |
| 245 10 - TITLE STATEMENT | |
| Title | Observing children in their natural worlds |
| Medium | [electronic resource] : |
| Remainder of title | a methodological primer / |
| Statement of responsibility, etc. | Anthony D. Pellegrini ; with John Hoch and Frank J. Symons. |
| 250 ## - EDITION STATEMENT | |
| Edition statement | 3rd ed. |
| 260 ## - PUBLICATION, DISTRIBUTION, ETC. (IMPRINT) | |
| Place of publication, distribution, etc. | New York : |
| Name of publisher, distributor, etc. | Psychology Press, |
| Date of publication, distribution, etc. | 2013. |
| 300 ## - PHYSICAL DESCRIPTION | |
| Extent | xviii, 322 p. : |
| Other physical details | ill. |
| 504 ## - BIBLIOGRAPHY, ETC. NOTE | |
| Bibliography, etc | Includes bibliographical references (p. 301-316) and indexes. |
| 505 0# - FORMATTED CONTENTS NOTE | |
| Formatted contents note | ch. 1. The "whys" and "whens" of observational methods -- ch. 2. Science, psychology, and research -- ch. 3. Ethics in research -- ch. 4. Choosing a perspective : qualitative-insider/ quantitative-outsider distinction -- ch. 5. Asking the research question : implications for design and specification in observational research -- ch. 6. Initial considerations : entering the field, looking around, and refining the plan -- ch. 7. Coming up with categories -- ch. 8. Measuring behavior and rules for sampling and recording -- ch. 9. Reliability -- ch. 10. Validity -- ch. 11. Indirect observational methods -- ch. 12. Computer-assisted recording and observational software programs / John Hoch and Frank J. Symons -- ch. 13. The research report. |
| 530 ## - ADDITIONAL PHYSICAL FORM AVAILABLE NOTE | |
| Additional physical form available note | Also available in print edition. |
| 538 ## - SYSTEM DETAILS NOTE | |
| System details note | Mode of access: World Wide Web. |
| 650 #0 - SUBJECT ADDED ENTRY--TOPICAL TERM | |
| Topical term or geographic name as entry element | Child psychology |
| General subdivision | Research |
| -- | Methodology. |
| 650 #0 - SUBJECT ADDED ENTRY--TOPICAL TERM | |
| Topical term or geographic name as entry element | Observation (Psychology) |
| 655 #7 - INDEX TERM--GENRE/FORM | |
| Genre/form data or focus term | Electronic books. |
| Source of term | lcsh |
| 700 1# - ADDED ENTRY--PERSONAL NAME | |
| Personal name | Hoch, John. |
| 700 1# - ADDED ENTRY--PERSONAL NAME | |
| Personal name | Symons, Frank James, |
| Dates associated with a name | 1967- |
| 776 1# - ADDITIONAL PHYSICAL FORM ENTRY | |
| International Standard Book Number | 9781848729575 (hardback : alk. paper) |
| -- | 9781848729582 (pbk. : alk. paper) |
| 856 40 - ELECTRONIC LOCATION AND ACCESS | |
| Uniform Resource Identifier | <a href="http://www.tandfebooks.com/isbn/9780203101759">http://www.tandfebooks.com/isbn/9780203101759</a> |
No items available.
